Гендерний аналіз особливостей комунікативної поведінки (Запис № 285337)
[ простий вигляд ]
| 000 -LEADER | |
|---|---|
| fixed length control field | 01812nam a22001577a 4500 |
| 041 ## - LANGUAGE CODE | |
| Language code of text/sound track or separate title | ukr |
| 080 ## - UNIVERSAL DECIMAL CLASSIFICATION NUMBER | |
| Universal Decimal Classification number | 09 |
| 090 ## - LOCALLY ASSIGNED LC-TYPE CALL NUMBER (OCLC); LOCAL CALL NUMBER (OCLC) | |
| Local cutter number (OCLC) ; Book number/undivided call number, CALL (RLIN) | ПРО |
| 100 ## - MAIN ENTRY--PERSONAL NAME | |
| Personal name | Прокопюк, М. А. |
| 245 ## - TITLE STATEMENT | |
| Title | Гендерний аналіз особливостей комунікативної поведінки |
| 260 ## - PUBLICATION, DISTRIBUTION, ETC. (IMPRINT) | |
| Place of publication, distribution, etc | Острог |
| Name of publisher, distributor, etc | КАФ |
| Date of publication, distribution, etc | 2013 |
| 300 ## - PHYSICAL DESCRIPTION | |
| Extent | 51 |
| 520 ## - SUMMARY, ETC. | |
| Summary, etc | Вступ.<br/>Розділ І. Гендерні особливості комунікації.<br/>1.1. Поняття гендеру та його звязок із комунікацією<br/>1.2. Мовні особливості жінки та чоловіка в соціокультурному контексті<br/>1.3. Чоловіча та жіноча стратегії комунікативної поведінки<br/>Розділ ІІ. Особливості жіночої та чоловічої комунікативної поведінки.<br/>2.1. Репрезентація дихотомії "чоловіче-жіноче" у комунікації<br/>2.2. Гендерні стереотипи вербальної комунікації<br/>2.3. Дослідження розмовної мови представників двох гендерних груп<br/>Розділ ІІІ. Охорона праці. Методи оцінки умов праці.<br/>3.1. Поняття умови праці та необхідність їх покращення<br/>3.2. Принципи класифікації умов праці<br/>3.3. Порядок проведення атестації робочих місць<br/>3.4. Методи оцінки умов праці<br/>Висновки.<br/>Список використаної літератури. |
| -- | гендер, комунікативна поведінка |
| 650 ## - SUBJECT ADDED ENTRY--TOPICAL TERM | |
| Topical term or geographic name as entry element | Research Papers |
| 942 ## - ADDED ENTRY ELEMENTS (KOHA) | |
| Koha item type | Книги |
| Withdrawn status | Lost status | Source of classification or shelving scheme | Damaged status | Not for loan | Home library | Current library | Date acquired | Source of acquisition | Cost, normal purchase price | Total Checkouts | Full call number | Barcode | Date last seen | Price effective from | Koha item type |
|---|---|---|---|---|---|---|---|---|---|---|---|---|---|---|---|
| Universal Decimal Classification | ВІЛ - Відділ іноземн. літератури НБ | ВІЛ - Відділ іноземн. літератури НБ | 12/06/2013 | Акт №7 | 1.00 | 09 | 215270 | 09/11/2021 | 12/06/2013 | Книги |